00979nam a22002657a 450000500170000001000130001702000100003003500130004003700160005304000120006908200170008110000270009824501130012525000170023826000520025527000900030730000280039765000190042565000440044470000260048870000300051494200260054499900190057095201240058920170124110051.0 aA-820897 c00.00 aA-820897 bCen Lib/Ret aDPLbEN a658.045bJAG aJagdish Prakash925472 aAdministration of public enterprises in India /cby Jagdish Prakash , Nageshwar Rao [and] Mata Badal Shukla  a5th rev. ed. aNew DelhibHimalaya Publishing House c1996 aPooja Appartments, 4-B, Muarari Lal Street, Ansari Road, DaryaganjbNew Delhie110002 a668p. :c21cm(Hb)bill. aIndia 9102393 aGovernment business enterprises9102394 aRao, Nageshwar921603 aShukla, Mata Badal925475 2ddccENh658.045mJAG c129121d129121 00104070aLbLd2015-07-04eCen Lib/Retg0.00l0o658.045 JAGpA-820897r2015-07-04 00:00:00t1v0.00w2015-07-04yEN